On the banks of the Mayyazhi (Record no. 115220)

MARC details
000 -LEADER
fixed length control field 00242 a2200097 4500
020 ## - INTERNATIONAL STANDARD BOOK NUMBER
International Standard Book Number 9789365692792
100 ## - MAIN ENTRY--PERSONAL NAME
Personal name M. Mukundan, Gita Krishnankutty tr.
245 ## - TITLE STATEMENT
Title On the banks of the Mayyazhi
260 ## - PUBLICATION, DISTRIBUTION, ETC. (IMPRINT)
Name of publisher, distributor, etc Harper Perennial
Date of publication, distribution, etc 2025
942 ## - ADDED ENTRY ELEMENTS (KOHA)
Koha item type On order/under processing
Holdings
Withdrawn status Lost status Damaged status Not for loan Home library Current library Date acquired Source of acquisition Cost, normal purchase price Total Checkouts Barcode Date last seen Cost, replacement price Price effective from Koha item type
        University Library University Library 07/02/2026 275 319.20   00097299 07/02/2026 399.00 07/02/2026 On order/under processing
University Library, CUSAT